000 00295nam a2200121Ia 4500
008 190216s9999||||xx |||||||||||||| ||und||
100 _aAntony
245 0 _aMooshikastree
260 _bSahithya Pravarthaka Sahakarana Sangam
_c1980
300 _a78p
650 _aMalayalam Nadakam
942 _cBK
999 _c25881
_d25881